| 000 | 00636cam a2200217 i 4500 | ||
|---|---|---|---|
| 020 | _a0070350957 | ||
| 040 | _cDLC | ||
| 082 | 0 | 0 | _a634 HIL 1980 A046 Or. |
| 100 | 1 | _aKnight, Fred Barrows, | |
| 245 | 1 | 0 | _aPrinciples of forest entomology / |
| 250 | _a5th ed. | ||
| 260 |
_aNew York : _bMcGraw-Hill Book Co., _cc1980. |
||
| 300 |
_axiii, 461 p. : _bill. ; _c24 cm. |
||
| 490 | 0 | _aMcGraw-Hill series in forest resources | |
| 500 | _aFourth ed. (1965) by S. A. Graham and F. B. Knight. | ||
| 650 | 0 | _aForest insects. | |
| 650 | 0 | _aForest insects | |
| 700 | 1 | _aHeikkenen, Herman John, | |
| 700 | 1 | _aGraham, Samuel A. | |
| 942 | _cEK | ||
| 999 |
_c13613 _d13613 |
||